000 00462nam a2200181Ia 4500
005 20250326130000.0
008 250326s9999 xx 000 0 und d
037 _aTextbook
040 _aFMSL
_beng
_cFMSL
041 _aeng
_2eng
084 _a.44 N8
_qFMSL
100 _aGovt. OF India
245 0 _aIndia 1968
_cGovt. OF India
260 _aDelhi
_bDelhi, Division
_c1968
300 _a700p
942 _cTB
_h.44 N8
999 _c1280432
_d1280432